On This Day (December 2nd) Multiple Choice - Statistics

General Stats
  • This quiz has been taken 13 times
  • The average score is 6 of 15
Answer Stats
Question Answer % Correct
1927 – Following 19 years of Model T production, the Ford Motor Company unveils which model as its new automobile ? Model A
70%
1991 – Canada and Poland become the first nations to recognize the independence of which nation from the Soviet Union ? Ukraine
70%
1697 – Which cathedral is consecrated in England ? St. Pauls Cathedral, London
60%
1867 – At Tremont Temple in Boston, which British author gives his first public reading in the United States ? Charles Dickens
50%
1988 – Benazir Bhutto is sworn in as Prime Minister of which country, becoming the first woman to head the government of an Islam-dominated state ? Pakistan
50%
1982 – At the University of Utah, Barney Clark becomes the first person to receive a permanent what ? Artificial heart
40%
1939 – Which of New York City's numerous airports opens for the first time ? La Guardia
40%
1960 – Rick Savage, English singer-songwriter and bass player is born. He is best known as a founding member of which British rock band ? Def Leppard
30%
1763 – The Touro Synagogue, the first synagogue in what will become the United States, is dedicated in which city ? Newport, Rhode Island
30%
1943 – World War II: A Luftwaffe bombing raid on which Italian harbour sinks numerous cargo and transport ships including one carrying mustard gas ? Bari
20%
1957 – United Nations Security Council Resolution 126 relating to which conflict is adopted ? Kashmir
20%
1409 – The second oldest university in what is now Germany opens in which city ? Leipzig
20%
2016 – Thirty-six people die in a fire at a converted warehouse serving as an artist collective in which Californian city ? Oakland
20%
1908 – Puyi becomes Emperor of China at what age ? Two
20%
1993 – Colombian drug lord Pablo Escobar is shot and killed in which city ? Medellin
10%
No matching quizzes found
Score Distribution
Percent of People with Each Score
Percentile by Number Answered
Your Score History
You have not taken this quiz